| 000 | 00603nam a2200205Ia 4500 | ||
|---|---|---|---|
| 003 | GCL | ||
| 008 | 140319s9999 xx 000 0 ara d | ||
| 040 |
_aGCL / _cGCL |
||
| 082 | 0 | 4 |
_a323.5 _bم و |
| 100 | 1 | _aمطيع السمان | |
| 245 | 1 | 0 |
_aوطن وعسكر: قبل ان تدفن الحقيقة فى التراب مذكرات / _cمطيع السمان |
| 300 | _a417 ص | ||
| 490 | _a | ||
| 650 | 0 | 4 | _aمصر |
| 650 | 0 | 4 | _aالاحوال السياسية |
| 650 | 0 | 4 | _aالانتخابات |
| 650 | 0 | 4 | _aسوريا |
| 650 | 0 | 4 | _aمصر - الاحوال السياسية |
| 942 |
_2ddc _cBK |
||
| 999 |
_c38768 _d38768 |
||